Doing Business 2009 (Record no. 9708)

MARC details
000 -BAŞLIK
Sabit Uzunlukta Kontrol Alanı 00911na a2200301 4500
001 - KONTROL NUMARASI
Denetim Alanı 22867
003 - KONTROL NUMARASI IDENTIFIER
Denetim Alanı MIRAKIL
005 - SON İŞLEM TARİHİ VE ZAMANI
Denetim Alanı 20181213155254.0
008 - SABİT-BOY VERİ ELEMANLARI - GENEL BİLGİLER
Sabit Uzunlukta Kontrol Alanı 170228b tu 000 0
020 ## - ULUSLARARASI STANDART KİTAP NUMARASI
Uluslararası Standart Kitap Numarası 9780821376096
040 ## - KATALOGLAMA KAYNAK
Orijinal Kataloglama Ajansı Milas
Kataloglama Dili tur
Metne Dönüştürmek Ajansı TR-AnCHP
041 ## - DİL KODU
Metin / Ses Parça Veya Ayrı Başlığın Dil Kodu eng
082 ## - DEWEY ONLU SINIFLANDIRMA NUMARASI
Sınıflandırma Numarası 338.5
Ürün Numarası W66d 2009
090 ## - SINIFLAMA NUMARASI
Sınıflama Numarası 338.5 W66d 2009
110 ## - ANA GİRİŞ - KURUMSAL ADI
Giriş Elemanı Olarak Kurumsal Ad Veya Yargı Alanı Adı World Bank
245 ## - BAŞLIK TABLOSU
Başlık Doing Business 2009
Başlığın Kalan country profile for Turkey
-- comparing Regulation 181 Economies
Sorumluluk Tablosu, Vb World Bank
246 ## - UNVAN FORM VARYING
Başlık Doğru / Kısa Başlığı Country profile for Turkey
246 ## - UNVAN FORM VARYING
Başlık Doğru / Kısa Başlığı Comparing Regulation 181 Economies
260 ## - YAYIN, DAĞITIM, VB
Yayın, Dağıtım, Vb Yeri Washington
Yayıncı, Dağıtıcı, Vs Adı World Bank
Yayın, Dağıtım, Vb Tarihi 2008
300 ## - FİZİKSEL TANIM
Kapsam ix, 195 s
Boyutlar 29 sm.
650 ## - KONU KATMA GİRİŞ - TOPİKAL DÖNEM
Topikal Süreli Veya Coğrafi Ad Giriş Elemanı Ticaret
650 ## - KONU KATMA GİRİŞ - TOPİKAL DÖNEM
Topikal Süreli Veya Coğrafi Ad Giriş Elemanı Ekonomik göstergeler
Coğrafi Alt Bölümü Türkiye
650 ## - KONU KATMA GİRİŞ - TOPİKAL DÖNEM
Topikal Süreli Veya Coğrafi Ad Giriş Elemanı Karşılaştırmalı ekonomi
650 ## - KONU KATMA GİRİŞ - TOPİKAL DÖNEM
Topikal Süreli Veya Coğrafi Ad Giriş Elemanı Uluslararası ekonomi
740 ## - KATMA GİRİŞ - KONTROLSUZ İLGİLİ / ANALİTİK BAŞLIK
Kontrol Edilmeyen / İlgili Analitik Başlıktaki Country profile for Turkey
740 ## - KATMA GİRİŞ - KONTROLSUZ İLGİLİ / ANALİTİK BAŞLIK
Kontrol Edilmeyen / İlgili Analitik Başlıktaki Comparing Regulation 181 Economies
942 ## - EKLENDİ GİRİŞ ELEMANLARI (KOHA)
Sınıflandırma Veya Raf Düzeni Kaynak Dewey Decimal Classification
Koha Öğesi Türü Books
999 ## - SİSTEM KONTROL NUMARALARI (KOHA)
Koha Biblionumber 9708
Koha Biblioitemnumber 9708
Holdings
Kullanım Kısıtlamaları Kalıcı Konum Mevcut Konum Edinme Tarihi Edinim Kaynak Toplam Check-Out'Lar Tam Çağrı Numarası Barkod Tarih Son Görülme İtibaren Geçerli Fiyatlar Koha Öğesi Türü
Kütüphane dışına çıkarılamaz CHP Kütüphanesi CHP Kütüphanesi 02/28/2017 Bağış   338.5 W66d 2009 016771 02/28/2017 02/28/2017 Books